| 000 | 00856cab a2200229 4500 | ||
|---|---|---|---|
| 001 | ABS50646 | ||
| 008 | 090401t1994 xxu||||| |||| 00| 0 eng d | ||
| 035 | _a(Sirsi) u76856 | ||
| 041 | _aeng | ||
| 100 | _aSamuels, A. | ||
| 245 | _aPunishment for environmental crime | ||
| 260 | _c1994 | ||
| 350 | _a0 | ||
| 490 |
_aJournal of Planning and Environment Law _vMay 1994, 412-415(4) |
||
| 520 | _aOffers guidance on liability and penalties for environmental offences, a growing area for litigation. After examining the range of fines and costs available to the courts, the article comments on the alternatives of prison and community sentances, compensation and forfeiture. | ||
| 650 | _aCRIMINAL OFFENCES | ||
| 650 | _aPOLLUTION | ||
| 650 | _aWASTE DISPOSAL | ||
| 690 | _aENVIRONMENTAL AND LAND CONSULTANCY | ||
| 942 | _n0 | ||
| 948 | _c04/03/1997 | ||
| 999 |
_c48286 _d48286 |
||